000
00295nam a22001097a 4500
082
_a
510.212
_b
CHA
_c
L-, P-
245
_a
Hambers Seven Figure Mathematical Table
260
_a
London
_b
James Pryde,
_c
1948
300
_a
lxiii, P-454
526
_a
0
_b
0
_c
0
_d
510_212000000000000_CHA
942
_2
ddc
_c
BK
999
_c
543566
_d
543566